Test z wiedzy (nie)potrzebnej - Statystyki

Ogólne statystyki
  • Ten quiz został rozwiązany 133 razy
  • Średni wynik to 9 z 30
Statystyki odpowiedzi
Kategoria Podpowiedź Odpowiedź % Poprawnych
Religia Judasz sprzedał Jezusa za 30... Srebrników
79%
Polityka Tylu posłów zasiada w polskim Sejmie 460
54%
Muzyka The Beatles pochodzili z tego miasta Liverpool
52%
Polityka Do tej amerykańskiej partii należał Abraham Lincoln Partia republikańska
49%
Polityka Brytyjska polityk, "Żelazna Dama", zm. 2013 Margaret Thatcher
48%
Historia Zamek w centrum Paryża, zdobyty przez rewolucjonistów 14 lipca 1789 to: Bastylia
40%
Muzyka Polski pianista, uczestniczył w konferencji pokojowej w Paryżu po zakończeniu I Wojny Światowej Ignacy Jan Paderewski
40%
Sztuka Kierunek, pod którym tworzył Claude Monet: Impresjonizm
39%
Geografia Półwysep, na którym znajduje się Wietnam Półwysep Indochiński
38%
Sport Słynny fiński skoczek narciarski, który rywalizował z Adamem Małyszem Janne Ahonen
33%
Literatura W tym gatunku Homer napisał Iliadę Epos
31%
Chemia Izotop wodoru, składnik "ciężkiej wody" Deuter
30%
Historia Miejscowość, w której podpisano unię Polski i Litwy w 1385 roku: Krewo
29%
Sztuka Ten surrealistyczny malarz zaprojektował logo lizaków Chupa Chups: Salvador Dalí
29%
Chemia Ostatnia warstwa elektronów w atomie jest nazywana: Walencyjną
29%
Fizyka Przyśpieszenie ziemskie w przybliżeniu wynosi: (w m/s^2) 9,81
28%
Sport Brazylijski kierowca Formuły 1, który zginął w wypadku na torze Imola Ayrton Senna
27%
Religia Japońska tradycyjna religia Szintoizm
27%
Literatura Nazwisko tytułowego Latarnika z noweli Henryka Sienkiewicza Skawiński
25%
Sztuka Technika polegająca na malowaniu farbami na mokrym tynku Fresk
17%
Religia Rozdział w Koranie Sura
17%
Sport Nikola Karabatić, piłkarz ręczny reprezentuje ten kraj: Francja
15%
Historia Które imperium walczyło w Wojnie o Złoty Stolec? Imperium Brytyjskie
14%
Muzyka Jeden z najsłynniejszych festiwali poświęconych muzyce elektronicznej Tomorrowland
14%
Fizyka Często bywa mylone z baterią Ogniwo
13%
Literatura Ta powieść Ernesta Hemingwaya odbywa się podczas hiszpańskiej wojny domowej Komu bije dzwon
11%
Chemia Pierwiastek o liczbie atomowej 111, także fizyk Roentgen
11%
Geografia Nazwa lejkowatego ujścia rzeki Estuarium
5%
Geografia Najmniejsze miasto w Polsce to: Opatowiec
4%
Fizyka Ogólna nazwa na zjawiska dwóch ciał przemieszczających się w stosunku do siebie Tarcie
3%
Nie znaleziono quizów pasujących do podanych kryteriów
Rozkład punktacji
Procent ludzi z każdym wynikiem
Percentyl według liczby udzielonych odpowiedzi
Twoja historia wyników
Nie rozwiązałeś tego quizu